| 000 | 00380nam a2200145Ia 4500 | ||
|---|---|---|---|
| 008 | 210210b1970 xxu||||| |||| 00| 0 eng d | ||
| 082 | _a954.02 MAHD | ||
| 100 | _aMAHAJAN (Vidya Dhar). | ||
| 245 | _aDelhi sultanate. (1707 A.D.-1526 A.D.). Ed 4. | ||
| 250 | _a | ||
| 260 |
_aDelhi. _bS. Chand & Co. Ltd. _c1970 |
||
| 300 | _aiii,344 | ||
| 690 | _aIndian History | ||
| 906 | _a028186 | ||
| 999 |
_c79440 _d79440 |
||